Quizduell Fragen – Schwer #2 - Statistiken

Allgemein
  • Dieses Quiz wurde 179 mal gespielt
  • Das Durchschnittsergebnis liegt bei 4 aus 19
Antwortstatistiken
Kategorie Frage Antwort % Korrekt
Im Labor Wie vielen Spitzen hat eine Schneeflocke? 6
87%
Macht & Geld Welcher US-Präsident wurde als einziger dreimal wiedergewählt? Franklin D. Roosevelt
51%
Zeugen der Zeit Louis Braille ist der Erfinder der Blindenschrift. Wie alt war er, als er sie fertigstellte? 16 Jahre
47%
Rund um die Welt Zu welchem Staat gehört die teilautonome Insel Sansibar? Tansania
45%
Computerspiele Von welchem Konsolenspiel wurden 2014 tausende Exemplare auf einer Müllhalde in New Mexico gefunden? E.T. – Der Außerirdische
28%
Musik & Hits Welcher Hollywoodstar spielt in der Rockband „Tenacious D“? Jack Black
27%
Sport & Freizeit Welche Spielkarte wird beim Doppelkopf auch „Karlchen“ oder „Charlie“ genannt? Kreuz-Bube
23%
Bücher & Wörter Welche Stückzahl beschreibt die Mengeneinheit „Schock“ üblicherweise? 60
18%
Essen & Trinken Wo liegt die Hafenstadt Cayenne, Namensvetterin des berühmten Cayennepfeffers? Französisch-Guayana
16%
Glaube & Religion Wie lautet der Fachbegriff für die Zehn Gebote? Dekalog
14%
Draußen im Grünen Wie heißt der größte an Land lebende Krebs? Palmendieb
9%
Comics Welche Lokalzeitung ist in Entenhausen am weitesten verbreitet? Entenhausener Kurier
7%
Medien & Unterhaltung In welcher Sendung tauchte der blaue Klaus mit seinem Ufo auf? Der Große Preis
5%
Kunst & Kultur Wer gilt als Erfinderin des Minirocks? Mary Quant
4%
Wunder der Technik Wann wurde die erste Armbanduhr angefertigt? 1812
2%
Kinofilme Wer spielte den roten Kosaren im gleichnamigen Film? Burt Lancaster
1%
Körper & Geist Wer benötigt für seine Arbeit zuweilen einen „konischen Kinderkuppler“? Hörgeräteakustiker
1%
TV-Serien Wer spielte in den Serien „Buffy“ und „How I Met Your Mother“ mit? Alexis Denisof
0%
Die 2000er Was wurde 2001 gegründet, um die hygienischen Bedingungen weltweit zu verbessern? Welttoilettenorganisation
0%
Keine übereinstimmenden Quizze gefunden
Verteilung der Resultate
Anzahl Personen mit jedem Resultat
Perzentil nach korrekt beantworteten Fragen
Ihre Resultats-Entwicklung
Sie haben dieses Quiz noch nicht gespielt